Statistiche per Le grandi battaglie navali

Clicka qui per fare il quiz!

Statistiche generali

  • Questo quiz è stato fatto 26 volte
  • Il punteggio medio è 12 su 30

Statistiche sulle risposte

DataGuerraBattaglia navale% Corretto
23 settembre 480 a.C.Guerre persianeBattaglia di Salamina
85%
4-7 giugno 1942Seconda guerra mondiale (Pacifico)Battaglia delle Midway
77%
21 ottobre 1805Guerre napoleonicheBattaglia di Trafalgar
77%
7 dicembre 1941Seconda guerra mondiale (Pacifico)Attacco a Pearl Harbor
62%
2 settembre 31 a.C.Guerra civile tra Ottaviano e M. AntonioBattaglia di Azio
62%
7 ottobre 1571Guerra di CiproBattaglia di Lepanto
62%
10 marzo 241 a.C.Prima guerra punicaBattaglia delle Egadi
54%
1-2 agosto 1798Guerre napoleonicheBattaglia di Abukir
54%
2 maggio 1982Guerra delle FalklandAffondamento del Belgrano
46%
8 agosto 1588Guerra anglo-spagnolaBattaglia della Manica
46%
4-8 maggio 1942Seconda guerra mondiale (Pacifico)Battaglia del Mar dei Coralli
46%
256 a.C.Prima guerra punicaBattaglia di Capo Ecnomo
46%
20 luglio 1866Terza guerra d'indipendenza italianaBattaglia di Lissa
46%
6 agosto 1284Guerra pisano-genoveseBattaglia della Meloria
38%
8 dicembre 1914Prima guerra mondialeBattaglia delle Falkland
38%
31 maggio - 1° giugno 1916Prima guerra mondialeBattaglia dello Jutland
38%
28-29 marzo 1941Seconda guerra mondiale (Mediterraneo)Battaglia di Capo Matapan
38%
23-26 ottobre 1944Seconda guerra mondiale (Pacifico)Battaglia del Golfo di Leyte
31%
19-20 giugno 1944Seconda guerra mondiale (Pacifico)Battaglia del Mar delle Filippine
31%
535 a.C.Guerre greco-punicheBattaglia del Mare Sardo
31%
Settembre 717Guerre arabo-bizantineSecondo assedio di Costantinopoli
31%
14-15 maggio 1917Prima guerra mondialeBattaglia del Canale d'Otranto
15%
Giugno-agosto 1281Invasioni mongole del GiapponeBattaglia della Baia di Hakata
15%
Inverno 208Guerre della dinastia HanBattaglia delle Scogliere Rosse
15%
13 dicembre 1939Seconda guerra mondiale (Atlantico)Battaglia del Rio de la Plata
15%
27 giugno 49 a.C.Guerra civile tra Cesare e PompeoBattaglia di Marsiglia
15%
10-13 aprile 1940Seconda guerra mondiale (Atlantico)Battaglia di Narvik
15%
27-28 maggio 1905Guerra russo-giapponeseBattaglia di Tsushima
15%
24-27 maggio 1941Seconda guerra mondiale (Atlantico)Caccia alla Bismarck
15%
1° novembre 1914Prima guerra mondialeBattaglia di Coronel
8%

Distribuzione punteggi

Percentile per numero di risposta

Percentuale di utenti per punteggio

I tuoi punteggi nel tempo

Non hai fatto questo quiz